Những lĩnh vực công nghệ nổi bật tại triển lãm Vietnam comm-07 /
Tallennettuna:
| Yhteisötekijä: | |
|---|---|
| Aineistotyyppi: | Artikkeli |
| Kieli: | Vietnamese |
| Aiheet: | |
| Tagit: |
Lisää tagi
Ei tageja, Lisää ensimmäinen tagi!
|
| Thư viện lưu trữ: | Thư viện Trường Đại học Đà Lạt |
|---|
| LEADER | 00873nam a2200265 4500 | ||
|---|---|---|---|
| 001 | DLU100111239 | ||
| 005 | ##20100906 | ||
| 040 | # | # | |a DLU |b vie |
| 041 | # | # | |a vie |
| 044 | # | # | |a vn |
| 245 | # | # | |a Những lĩnh vực công nghệ nổi bật tại triển lãm Vietnam comm-07 / |c Ban khoa học công nghệ công nghiệp. |
| 653 | # | # | |a Công nghệ cao |
| 653 | # | # | |a Phát triển dịch vụ |
| 653 | # | # | |a Quản lí mạng |
| 710 | # | # | |a Ban khoa học công nghệ công nghiệp. |
| 773 | # | # | |t Tạp chí Công nghệ thông tin và truyền thông |g Số 1,kỳ 1, 2008, tr. 34-40 |
| 920 | # | # | |a Phòng Tạp chí -- Trung tâm Thông tin - Thư viện Trường Đại học Đà Lạt |
| 994 | # | # | |a DLU |
| 900 | # | # | |a True |
| 911 | # | # | |a Nguyễn Thị Linh Chi |
| 925 | # | # | |a G |
| 926 | # | # | |a A |
| 927 | # | # | |a BB |
| 980 | # | # | |a Thư viện Trường Đại học Đà Lạt |